| 000 | 01249cam a22003734a 4500 | ||
|---|---|---|---|
| 001 | 14354040 | ||
| 003 | OSt | ||
| 005 | 20160524150434.0 | ||
| 008 | 060425s2007 nyu be 001 0 eng | ||
| 010 | _a 2006013795 | ||
| 016 | 7 |
_a101275209 _2DNLM |
|
| 020 | _a0816063974 (hc. : alk. paper) | ||
| 020 | _a9780816063970 (hc. : alk. paper) | ||
| 020 | _a0816063982 (pb. : alk. paper) | ||
| 020 | _a9780816063987 (pb. : alk. paper) | ||
| 035 | _a(OCoLC)ocm67817185 | ||
| 035 | _a(OCoLC)67817185 | ||
| 040 | _aSEKU | ||
| 042 | _apcc | ||
| 050 | 0 | 0 |
_aRC 112 _b.T87 2007 |
| 100 | 1 | _aTurkington, Carol. | |
| 245 | 1 | 4 |
_aThe encyclopedia of infectious diseases / _cCarol Turkington, Bonnie Lee Ashby. |
| 246 | 3 | 0 | _aInfectious diseases |
| 250 | _a3rd ed. | ||
| 260 |
_aNew York : _bFacts On File, _cc2007. |
||
| 300 |
_axiv, 412 p. ; _c25 cm. |
||
| 440 | 0 | _aFacts on File library of health and living | |
| 504 | _aIncludes bibliographical references (p. 383-392) and index. | ||
| 650 | 0 |
_aCommunicable diseases _vEncyclopedias. |
|
| 650 | 1 | 2 |
_aCommunicable Diseases _vEncyclopedias _xEnglish. |
| 700 | 1 | _aAshby, Bonnie. | |
| 856 | 4 | 1 |
_3Table of contents only _uhttp://www.loc.gov/catdir/toc/ecip0613/2006013795.html |
| 942 |
_2lcc _cGEN |
||
| 999 |
_c14549 _d14549 |
||